Discourse structure and anaphora: written and conversational english

Uloženo v:
Podrobná bibliografie
Hlavní autor: Fox, Barbara A (Autor)
Médium: Kniha
Jazyk:angličtina
Vydáno: Cambridge Cambridge University Press 1993
Edice:Cambridge Studies in Linguistics, 48
Témata:
Tagy: Přidat tag
Žádné tagy, Buďte první, kdo vytvoří štítek k tomuto záznamu!

MARC

LEADER 00000nam a2200000 a 4500
001 UCZ1298
003 CL-VaPUC
008 950817e19930000UK |||||||||||||||||eng|d
082 0 4 |a 420.141  |b FOX  |2 21 
100 0 |a Fox, Barbara A  |e author  |9 344830 
245 1 0 |a Discourse structure and anaphora: written and conversational english 
300 |a 173 p 
942 |c BK 
945 |d 19950817 00:00:00  |a rbrito 
260 |a Cambridge  |b Cambridge University Press  |c 1993 
650 0 |a Inglés  |9 260023 
650 0 |a Ejercicios de lectura   |9 324248 
650 0 |a Lingüística  |9 265068 
650 7 |a EJERCICIOS DE REDACCION  |2 CL-VaPUC  |9 311847 
583 |a last modification  |c 20120904 08:51:30  |k Rodrigo Vera 
490 0 |a Cambridge Studies in Linguistics, 48 
999 |c 238063  |d 238061 
952 |0 0  |1 0  |4 0  |6 420_141000000000000_FOX_1993  |7 0  |8 A  |9 248052  |a BIBEDU  |b BIBEDU  |d 2019-11-18  |i 3121631  |o 420.141 FOX 1993  |p 3121631  |r 2019-11-18  |w 2019-11-18  |y BK  |k LIT